[Event "Pan American-ch U18 Girls"]
[Site "Guayaquil"]
[Date "2019.07.25"]
[Round "7"]
[White "Gomez Barrera, Javiera Belen"]
[Black "Puppi Lazo, Stephanie Beatriz"]
[Result "1/2-1/2"]
[WhiteElo "2156"]
[BlackElo "2012"]
[PlyCount "38"]
[EventDate "2019.07.21"]
[EventType "swiss"]
[EventRounds "9"]
[EventCountry "ECU"]
[SourceTitle "EXT 2020"]
[Source "ChessBase"]
[SourceDate "2019.10.17"]
[SourceVersion "1"]
[SourceVersionDate "2019.10.17"]
[SourceQuality "1"]

1. e4 c5 2. Nf3 d6 3. d4 cxd4 4. Nxd4 Nf6 5. Nc3 a6 6. Be3 e5 7. Nb3 Be6 8. h3 h5 9. Be2 Be7 10. 0-0 Nbd7 11. Qd2 b5 12. Rfd1 Rc8 13. a4 b4 14. Nd5 Bxd5 15. exd5 a5 16. Ba6 Rb8 17. Bb5 0-0 18. Qe2 g6 19. Bh6 Re8 1/2-1/2

[Event "Pan American-ch U18 Girls"]
[Site "Guayaquil"]
[Date "2019.07.22"]
[Round "2"]
[White "Puppi Lazo, Stephanie Beatriz"]
[Black "Mellado Reyes, Rebeca"]
[Result "1-0"]
[WhiteElo "2012"]
[BlackElo "1713"]
[PlyCount "44"]
[EventDate "2019.07.21"]
[EventType "swiss"]
[EventRounds "9"]
[EventCountry "ECU"]
[SourceTitle "EXT 2020"]
[Source "ChessBase"]
[SourceDate "2019.10.17"]
[SourceVersion "1"]
[SourceVersionDate "2019.10.17"]
[SourceQuality "1"]

1. e4 e6 2. d4 d5 3. Nd2 Nf6 4. e5 Nfd7 5. Bd3 c5 6. c3 Nc6 7. Ne2 cxd4 8. cxd4 f6 9. Nf4 Nxd4 10. Qh5+ Ke7 11. exf6+ Nxf6 12. Ng6+ Kd7 13. Qh4 Rg8 14. Nxf8+ Rxf8 15. Qxd4 Qc7 16. Nf3 Kd8 17. Bf4 Qe7 18. Rc1 Bd7 19. 0-0 h6 20. Bc7+ Ke8 21. Bg6+ Rf7 22. Ne5 Ne4 1-0

[Event "South America-ch U20 Girls"]
[Site "Asuncion"]
[Date "2019.05.17"]
[Round "9"]
[White "Oviedo Acosta, Paula"]
[Black "Puppi Lazo, Stephanie Beatriz"]
[Result "0-1"]
[WhiteElo "1543"]
[BlackElo "1955"]
[PlyCount "74"]
[EventDate "2019.05.11"]
[EventType "swiss"]
[EventRounds "9"]
[EventCountry "PAR"]
[SourceTitle "CBM 190 Extra"]
[Source "ChessBase"]
[SourceDate "2019.07.15"]
[SourceVersion "1"]
[SourceVersionDate "2019.07.15"]
[SourceQuality "1"]

1. e4 c5 2. Nf3 d6 3. d4 cxd4 4. Nxd4 Nf6 5. Nc3 a6 6. Bg5 e6 7. f4 h6 8. Bh4 Qb6 9. a3 Nc6 10. Bf2 Qc7 11. Qf3 e5 12. Nxc6 bxc6 13. fxe5 Ng4 14. Bd3 Nxf2 15. Qxf2 dxe5 16. Bc4 Bd6 17. 0-0 0-0 18. Kh1 Qe7 19. Na4 Be6 20. Bxe6 Qxe6 21. Rad1 Rab8 22. Qe2 Be7 23. Qd3 Rbd8 24. Qc3 Qg4 25. Qf3 Qg6 26. Rd3 Rd4 27. Rxd4 exd4 28. Qd3 c5 29. b4 cxb4 30. axb4 Qc6 31. Ra1 Rc8 32. Nc5 Bxc5 33. bxc5 Qxc5 34. Rxa6 Qxc2 35. Qf1 Qc1 36. Ra1 Qxf1+ 37. Rxf1 d3 0-1

[Event "South America-ch U20 Girls"]
[Site "Asuncion"]
[Date "2019.05.12"]
[Round "2"]
[White "Puppi Lazo, Stephanie Beatriz"]
[Black "Bail, Ellen Larissa"]
[Result "1-0"]
[WhiteElo "1955"]
[BlackElo "1876"]
[PlyCount "75"]
[EventDate "2019.05.11"]
[EventType "swiss"]
[EventRounds "9"]
[EventCountry "PAR"]
[SourceTitle "CBM 190 Extra"]
[Source "ChessBase"]
[SourceDate "2019.07.15"]
[SourceVersion "1"]
[SourceVersionDate "2019.07.15"]
[SourceQuality "1"]

1. e4 c5 2. Nf3 g6 3. d4 cxd4 4. Qxd4 Nf6 5. Nc3 Nc6 6. Qa4 d6 7. e5 dxe5 8. Nxe5 Bd7 9. Nxd7 Qxd7 10. Be3 Bg7 11. Rd1 Qc8 12. Bb5 0-0 13. Bxc6 bxc6 14. 0-0 Nd7 15. Qa3 Re8 16. Ne4 Nb6 17. Bd4 Qf5 18. f3 Nd5 19. Rfe1 Reb8 20. Bxg7 Kxg7 21. c4 Nb4 22. Qc3+ Kg8 23. a3 Na6 24. b4 Rd8 25. Qe3 Qe6 26. b5 Rxd1 27. Rxd1 f5 28. bxa6 fxe4 29. Qxe4 Qxe4 30. fxe4 Rb8 31. Rd7 Rb3 32. Rxe7 Rxa3 33. Rxa7 h5 34. e5 Kf8 35. h4 Kg8 36. e6 Kf8 37. Rf7+ Ke8 38. a7 1-0

[Event "Wch U16 Girls"]
[Site "Porto Carras"]
[Date "2018.10.22"]
[Round "4"]
[White "Quintana Chanduvi, Daniela Sofia"]
[Black "Puppi Lazo, Stephanie Beatriz"]
[Result "0-1"]
[WhiteElo "1400"]
[BlackElo "1847"]
[PlyCount "76"]
[EventDate "2018.10.20"]
[EventType "swiss"]
[EventRounds "11"]
[EventCountry "GRE"]
[SourceTitle "CBM 187 Extra"]
[Source "ChessBase"]
[SourceDate "2018.11.04"]
[SourceVersion "1"]
[SourceVersionDate "2018.11.04"]
[SourceQuality "1"]

1. e4 c5 2. Nf3 d6 3. Nc3 Nf6 4. Bc4 a6 5. d4 cxd4 6. Nxd4 e6 7. Bb3 Nc6 8. Be3 Be7 9. Qe2 Qc7 10. 0-0-0 0-0 11. f3 b5 12. Kb1 Bd7 13. Nxc6 Bxc6 14. a3 Qb7 15. Qd3 a5 16. Ba2 b4 17. Ne2 Bb5 18. Bc4 Bxc4 19. Qxc4 bxa3 20. Qb3 Qxb3 21. cxb3 axb2 22. Kxb2 Rfb8 23. Ra1 a4 24. Nd4 e5 25. Nc2 Rxb3+ 26. Kc1 d5 27. exd5 Nxd5 28. Bd2 a3 29. Kd1 Rc8 30. Re1 a2 31. Ne3 Nf4 32. Ba5 Rd3+ 33. Bd2 Ba3 34. Nc2 Rcd8 35. Nxa3 Rxd2+ 36. Kc1 Rxg2 37. Rf1 Rdd2 38. Nc4 Nd3# 0-1

[Event "Pan American-ch U16 Girls"]
[Site "Santiago de Chile"]
[Date "2018.07.25"]
[Round "5"]
[White "Puppi Lazo, Stephanie Beatriz"]
[Black "Loyola Torres, Maria Gracia"]
[Result "1-0"]
[WhiteElo "1804"]
[BlackElo "1518"]
[PlyCount "67"]
[EventDate "2018.07.22"]
[EventType "swiss"]
[EventRounds "9"]
[EventCountry "CHI"]
[SourceTitle "EXT 2022"]
[Source "ChessBase"]
[SourceDate "2021.10.06"]
[SourceVersion "1"]
[SourceVersionDate "2021.10.06"]
[SourceQuality "1"]

1. d4 Nf6 2. Nc3 d5 3. Bf4 Bf5 4. Nb5 Na6 5. e3 c6 6. Nc3 Nc7 7. Nf3 e6 8. a3 Bd6 9. Be2 Bxf4 10. exf4 0-0 11. 0-0 Qd6 12. Ne5 Ne4 13. Nxe4 Bxe4 14. g3 Rac8 15. Bd3 Bxd3 16. Nxd3 Ne8 17. Rc1 Nf6 18. f3 Nd7 19. Ne5 c5 20. c3 Nxe5 21. fxe5 Qb6 22. Rb1 cxd4 23. Qxd4 Qxd4+ 24. cxd4 Rc4 25. Rfd1 Rfc8 26. Rd2 Rc2 27. Rbd1 a5 28. Kf2 b5 29. Ke3 Kf8 30. Kd3 R2c4 31. Rf1 b4 32. axb4 axb4 33. Ra1 R8c7 34. Ra8+ 1-0

[Event "Pan American-ch U20 Girls"]
[Site "Guayaquil"]
[Date "2018.06.20"]
[Round "3"]
[White "Ortiz Verdesoto, Anahi Eduarda"]
[Black "Puppi Lazo, Stephanie Beatriz"]
[Result "0-1"]
[WhiteElo "1974"]
[BlackElo "1832"]
[PlyCount "112"]
[EventDate "2018.06.19"]
[EventType "swiss"]
[EventRounds "9"]
[EventCountry "ECU"]
[SourceTitle "EXT 2019"]
[Source "ChessBase"]
[SourceDate "2018.10.10"]
[SourceVersion "1"]
[SourceVersionDate "2018.10.10"]
[SourceQuality "1"]

1. d4 Nf6 2. Nf3 e6 3. g3 c5 4. Bg2 d5 5. 0-0 Bd6 6. b3 0-0 7. Bb2 cxd4 8. Nxd4 Re8 9. c4 a6 10. cxd5 Nxd5 11. Nd2 Bf8 12. Qc2 e5 13. N4f3 Nc6 14. Rfd1 Bg4 15. a3 Rc8 16. Qb1 Nd4 17. Bxd4 exd4 18. Qd3 Nc3 19. Re1 Bc5 20. Nc4 Qf6 21. h3 Bf5 22. Qd2 b5 23. Nb2 Qe6 24. b4 Nxe2+ 25. Kf1 Bb6 26. Nd3 Qb3 27. Nde5 d3 28. Rab1 Qc2 29. Rbd1 Qxd2 30. Rxd2 Rc2 31. Rxc2 dxc2 32. Kxe2 f6 33. Rc1 fxe5 34. Nh4 Be6 35. Rxc2 Bc4+ 36. Ke1 Bd4 37. Be4 Rd8 38. Nf5 g6 39. Ne3 Be6 40. g4 Rd6 41. Ke2 Bb3 42. Rc8+ Kg7 43. Rc7+ Kf6 44. Rxh7 Bb2 45. h4 Bxa3 46. g5+ Ke6 47. Rg7 Bxb4 48. Bxg6 Rd2+ 49. Kf3 Kd6 50. Be4 a5 51. Nf5+ Ke6 52. Rg6+ Kf7 53. Rb6 Bd1+ 54. Kg3 Bc5 55. g6+ Ke8 56. Ne3 Bxb6 0-1

[Event "South America-ch U20 Girls"]
[Site "Asuncion"]
[Date "2018.05.24"]
[Round "8"]
[White "Puppi Lazo, Stephanie Beatriz"]
[Black "Carreras Colman, Luz Gabriela"]
[Result "1-0"]
[WhiteElo "1917"]
[BlackElo "1416"]
[PlyCount "47"]
[EventDate "2018.05.20"]
[EventType "swiss"]
[EventRounds "9"]
[EventCountry "PAR"]
[SourceTitle "CBM 184 Extra"]
[Source "ChessBase"]
[SourceDate "2018.06.28"]
[SourceVersion "1"]
[SourceVersionDate "2018.06.28"]
[SourceQuality "1"]

1. e4 g6 2. d4 Nf6 3. Nc3 Bg7 4. Be3 d6 5. Qd2 0-0 6. f3 Nbd7 7. 0-0-0 b6 8. g4 Bb7 9. h4 c5 10. d5 h5 11. Be2 Ne5 12. gxh5 Nxh5 13. f4 Ng3 14. Rh2 Nxe2+ 15. Qxe2 Nd7 16. h5 gxh5 17. Qxh5 Nf6 18. Qg5 Nh7 19. Qh4 Nf6 20. e5 Re8 21. exf6 Bxf6 22. Qh7+ Kf8 23. f5 e6 24. fxe6 1-0

[Event "South America-ch U20 Girls"]
[Site "Asuncion"]
[Date "2018.05.22"]
[Round "5"]
[White "Puppi Lazo, Stephanie Beatriz"]
[Black "Quintana Chanduvi, Daniela Sofia"]
[Result "1-0"]
[WhiteElo "1917"]
[BlackElo "1403"]
[PlyCount "131"]
[EventDate "2018.05.20"]
[EventType "swiss"]
[EventRounds "9"]
[EventCountry "PAR"]
[SourceTitle "CBM 184 Extra"]
[Source "ChessBase"]
[SourceDate "2018.06.28"]
[SourceVersion "1"]
[SourceVersionDate "2018.06.28"]
[SourceQuality "1"]

1. e4 c5 2. Nf3 d6 3. Nc3 Nf6 4. e5 dxe5 5. Nxe5 e6 6. Bb5+ Nbd7 7. d4 cxd4 8. Qxd4 a6 9. Bxd7+ Bxd7 10. Be3 Qc7 11. 0-0-0 Bc6 12. Nc4 Bd5 13. Nb6 Rd8 14. Ncxd5 Nxd5 15. Nxd5 Rxd5 16. Qa7 Rxd1+ 17. Rxd1 Qc8 18. Qd4 Rg8 19. Qd3 g6 20. Bg5 Be7 21. Bxe7 Kxe7 22. Qd6+ Ke8 23. Rd3 Rf8 24. Rc3 Qd8 25. Qe5 b5 26. Rc7 h6 27. Rb7 Qg5+ 28. Qxg5 hxg5 29. Ra7 f5 30. Rxa6 Ke7 31. Rb6 Rh8 32. h3 Rh4 33. Rxb5 Re4 34. Kd2 Rd4+ 35. Ke2 Re4+ 36. Kd3 Re1 37. a4 Rg1 38. g3 Rh1 39. a5 Rxh3 40. a6 Rh8 41. a7 Ra8 42. Rb7+ Kd6 43. b4 Kc6 44. Rg7 Kb5 45. Kc3 g4 46. Kb3 Kb6 47. c4 g5 48. b5 Kc5 49. Rc7+ Kd6 50. Rc6+ Kd7 51. Ra6 e5 52. c5 e4 53. Rg6 f4 54. Rxg5 e3 55. fxe3 fxe3 56. Re5 Rxa7 57. Kb4 e2 58. Rxe2 Ra1 59. Re4 Rb1+ 60. Ka5 Ra1+ 61. Kb6 Rc1 62. c6+ Kd6 63. Rxg4 Rc3 64. c7 Kd7 65. Rd4+ Ke6 66. Kb7 1-0

[Event "Wch U16 Girls"]
[Site "Montevideo"]
[Date "2017.09.26"]
[Round "11"]
[White "Puppi Lazo, Stephanie Beatriz"]
[Black "Chin, Angelica"]
[Result "0-1"]
[WhiteElo "1893"]
[BlackElo "1781"]
[PlyCount "148"]
[EventDate "2017.09.17"]
[EventType "swiss"]
[EventRounds "11"]
[EventCountry "URU"]
[SourceTitle "EXT 2018"]
[Source "ChessBase"]
[SourceDate "2017.10.13"]
[SourceVersion "1"]
[SourceVersionDate "2017.10.13"]
[SourceQuality "1"]

1. e4 e6 2. d4 d5 3. Bd3 dxe4 4. Bxe4 Nf6 5. Bf3 Bd6 6. Nc3 0-0 7. Nge2 c6 8. 0-0 Qc7 9. g3 Nbd7 10. Bf4 e5 11. dxe5 Nxe5 12. Bg2 Bg4 13. h3 Bh5 14. g4 Bg6 15. Bg3 Nc4 16. Bxd6 Nxd6 17. Nf4 Rad8 18. Nxg6 hxg6 19. Qd4 Qa5 20. Qf4 g5 21. Qg3 Nc4 22. Rfe1 Rfe8 23. b3 Na3 24. Rxe8+ Rxe8 25. Rc1 Qd8 26. Rd1 Qe7 27. Qd3 Qc5 28. Rc1 Qe5 29. Bf1 Re7 30. Qd8+ Re8 31. Qd2 Qf4 32. Qxf4 gxf4 33. Ne2 g5 34. Nd4 Rd8 35. Nf3 Ne4 36. Bd3 Nc5 37. Bf5 f6 38. Re1 Kf7 39. b4 Nd7 40. Be6+ Kf8 41. Bb3 Re8 42. Rd1 Ne5 43. Nd4 Nac4 44. Nf5 Nf3+ 45. Kg2 Ncd2 46. a3 Re1 47. Rxe1 Nxe1+ 48. Kh2 Nxb3 49. cxb3 Nc2 50. Nd6 Nxa3 51. Nxb7 Nc2 52. Nc5 Nxb4 53. h4 gxh4 54. Kh3 Ke7 55. Kxh4 Kd6 56. Nb7+ Kd5 57. g5 fxg5+ 58. Kxg5 Ke4 59. Nc5+ Kd4 60. Ne6+ Kc3 61. Kxf4 Kxb3 62. Ke4 Kc4 63. f4 a5 64. f5 Nd5 65. Nf4 Nf6+ 66. Ke3 Nd5+ 67. Ke4 a4 68. Ne2 a3 69. Nc1 Kc3 70. Na2+ Kb2 71. Nb4 Nxb4 72. f6 Nd5 73. f7 Nf6+ 74. Ke5 Nh7 0-1

[Event "Wch U16 Girls"]
[Site "Montevideo"]
[Date "2017.09.23"]
[Round "8"]
[White "Puppi Lazo, Stephanie Beatriz"]
[Black "Lopez Sanchez, Anastacia Antonia"]
[Result "1-0"]
[WhiteElo "1893"]
[BlackElo "1695"]
[PlyCount "111"]
[EventDate "2017.09.17"]
[EventType "swiss"]
[EventRounds "11"]
[EventCountry "URU"]
[SourceTitle "CBM 180 Extra"]
[Source "ChessBase"]
[SourceDate "2017.10.06"]
[SourceVersion "1"]
[SourceVersionDate "2017.10.06"]
[SourceQuality "1"]

1. e4 c5 2. Nf3 Nc6 3. Bb5 g6 4. 0-0 Bg7 5. Nc3 Nf6 6. e5 Ng4 7. Bxc6 bxc6 8. Re1 0-0 9. d3 f6 10. exf6 Nxf6 11. Be3 d6 12. h3 Rb8 13. Rb1 e5 14. Ne4 Bf5 15. Bg5 Qd7 16. Ng3 h6 17. Nxf5 Qxf5 18. Bd2 Nd5 19. Re4 g5 20. Qe1 Rf7 21. Nh2 Rd7 22. b3 Nb4 23. Bxb4 cxb4 24. Rc4 c5 25. Nf1 Rf8 26. Ng3 Qg6 27. f3 Rc7 28. Re4 a5 29. c4 Ra7 30. Nf1 a4 31. Ne3 a3 32. Nd5 Raf7 33. Rd1 Bf6 34. Qg3 Rg7 35. d4 cxd4 36. Nxb4 Bd8 37. Nd5 Qe6 38. Rdxd4 Qc8 39. Rd3 Qc5+ 40. Qf2 Qxf2+ 41. Kxf2 Rb7 42. b4 Bb6+ 43. Nxb6 Rxb6 44. b5 Ra8 45. Ree3 Ra4 46. Re4 Ra8 47. Kg3 Kf7 48. Kg4 Kg6 49. Kg3 Ra7 50. Rb3 Rb8 51. Ree3 Rba8 52. Red3 Rd8 53. Rxa3 Rc7 54. Ra6 Rxc4 55. Raxd6+ Rxd6 56. Rxd6+ 1-0

[Event "Pan American-ch U16 Girls"]
[Site "San Jose"]
[Date "2017.07.02"]
[Round "2"]
[White "Puppi Lazo, Stephanie Beatriz"]
[Black "Qiao, Cindy"]
[Result "1-0"]
[WhiteElo "1879"]
[BlackElo "1711"]
[PlyCount "71"]
[EventDate "2017.07.01"]
[EventType "swiss"]
[EventRounds "9"]
[EventCountry "CRI"]
[SourceTitle "EXT 2022"]
[Source "ChessBase"]
[SourceDate "2021.10.06"]
[SourceVersion "1"]
[SourceVersionDate "2021.10.06"]
[SourceQuality "1"]

1. e4 e5 2. Nf3 Nc6 3. Bc4 Bc5 4. 0-0 Nf6 5. d3 h6 6. c3 a6 7. d4 Bd6 8. Nbd2 0-0 9. Bd5 Qe7 10. Nc4 Nxd5 11. exd5 e4 12. dxc6 exf3 13. cxd7 fxg2 14. Re1 Qxd7 15. Nxd6 Qxd6 16. Qf3 c6 17. Bf4 Qf6 18. Qg3 Bf5 19. Re3 Bg6 20. Rae1 Qf5 21. h4 Kh7 22. Re5 Qc2 23. h5 Bf5 24. Qxg2 Be6 25. Kh2 Bd5 26. Qg3 b5 27. Bc1 Bxa2 28. Qf4 Be6 29. Rg1 Qd3 30. Rg3 Qc2 31. Rxg7+ Kxg7 32. Qxh6+ Kg8 33. Rg5+ Qg6 34. hxg6 fxg6 35. Qxg6+ Kh8 36. Rh5# 1-0

[Event "South America-ch U20 Girls 13th"]
[Site "Manta"]
[Date "2017.04.29"]
[Round "8"]
[White "Ichimura G Barbosa, Larissa Yuki"]
[Black "Puppi Lazo, Stephanie Beatriz"]
[Result "0-1"]
[WhiteElo "1957"]
[BlackElo "1753"]
[PlyCount "174"]
[EventDate "2017.04.25"]
[EventType "swiss"]
[EventRounds "9"]
[EventCountry "ECU"]
[SourceTitle "CBM 178 Extra"]
[Source "ChessBase"]
[SourceDate "2017.06.22"]
[SourceVersion "1"]
[SourceVersionDate "2017.06.22"]
[SourceQuality "1"]

1. e4 c5 2. Nf3 d6 3. d4 cxd4 4. Nxd4 Nf6 5. Nc3 a6 6. Be2 e5 7. Nb3 Be7 8. 0-0 0-0 9. Be3 Be6 10. Qd2 Nbd7 11. a4 b6 12. Rfd1 Qc7 13. Rac1 Rfd8 14. Nd5 Nxd5 15. exd5 Bf5 16. Qb4 Nc5 17. Nd2 Bd7 18. b3 Rab8 19. c4 f5 20. f3 f4 21. Bxc5 bxc5 22. Qc3 Bf5 23. Bd3 Bxd3 24. Qxd3 Rf8 25. Qc3 g5 26. Rb1 Rb4 27. Ne4 Qc8 28. h3 h5 29. Kf2 g4 30. hxg4 hxg4 31. Rh1 Kg7 32. Rh5 Rh8 33. Rbh1 Rxh5 34. Rxh5 Kg6 35. Rh1 Qf5 36. Qd3 g3+ 37. Ke2 Rb8 38. Kd2 Kg7 39. Kc2 Rb4 40. Nxc5 Qxd3+ 41. Nxd3 Rb8 42. b4 Kf6 43. Re1 Rh8 44. Re4 Rh2 45. Ne1 Rh8 46. a5 Bd8 47. Kb3 Bc7 48. Ka4 Kf5 49. c5 Rb8 50. Rc4 dxc5 51. bxc5 Rb5 52. d6 Rxa5+ 53. Kb3 Rb5+ 54. Kc2 Bb8 55. Nd3 Ke6 56. Re4 Bxd6 57. cxd6 Kxd6 58. Kc3 Ra5 59. Kb4 Rd5 60. Kc4 a5 61. Re2 Rd4+ 62. Kc3 Rd5 63. Re4 Rb5 64. Ra4 Kd5 65. Rc4 Kd6 66. Re4 Rd5 67. Ra4 Kc6 68. Rc4+ Kd6 69. Re4 Rb5 70. Nb2 Kd5 71. Ra4 Rc5+ 72. Kd3 Rb5 73. Ra3 Rxb2 74. Rxa5+ Ke6 75. Ra6+ Kf5 76. Ra8 Rxg2 77. Rf8+ Kg6 78. Rg8+ Kf7 79. Rg5 Rf2 80. Ke4 Re2+ 81. Kf5 Ra2 82. Rg4 Ra3 83. Ke4 Re3+ 84. Kf5 Rxf3 85. Kxe5 Rf2 86. Ke4 g2 87. Rg5 f3 0-1

[Event "South America-ch U20 Girls 13th"]
[Site "Manta"]
[Date "2017.04.26"]
[Round "3"]
[White "Ortiz Verdesoto, Anahi Eduarda"]
[Black "Puppi Lazo, Stephanie Beatriz"]
[Result "1/2-1/2"]
[WhiteElo "1917"]
[BlackElo "1753"]
[PlyCount "114"]
[EventDate "2017.04.25"]
[EventType "swiss"]
[EventRounds "9"]
[EventCountry "ECU"]
[SourceTitle "CBM 178 Extra"]
[Source "ChessBase"]
[SourceDate "2017.06.22"]
[SourceVersion "1"]
[SourceVersionDate "2017.06.22"]
[SourceQuality "1"]

1. d4 Nf6 2. c4 e6 3. Nf3 b6 4. e3 Bb7 5. Bd3 d5 6. cxd5 exd5 7. 0-0 Be7 8. Nc3 0-0 9. Re1 c5 10. Ne5 Nc6 11. Nxc6 Bxc6 12. Ne2 Bd6 13. Ng3 Ne4 14. Nf5 Qf6 15. Bxe4 dxe4 16. Nxd6 Qxd6 17. dxc5 Qxc5 18. Bd2 Rfd8 19. Rc1 Qd5 20. Bc3 Qg5 21. Bd4 Bd7 22. f3 Bf5 23. Qe2 exf3 24. Qxf3 Rac8 25. Rc3 Be6 26. a3 Bd5 27. e4 Bb7 28. Qf2 Rxc3 29. bxc3 Re8 30. e5 Re6 31. Rf1 Qg6 32. Qd2 h6 33. Rf2 Qb1+ 34. Rf1 Qe4 35. Rf4 Qd5 36. Rf2 Rg6 37. Qa2 Qe4 38. h3 Bd5 39. Qc2 Qh4 40. Qd3 Rg3 41. Qb5 Qe4 42. Qe2 Qg6 43. Kh2 h5 44. Qc2 Be4 45. Qe2 h4 46. Kg1 Rxh3 47. e6 fxe6 48. Rf4 Bd3 49. Qe5 Bf5 50. Qxg7+ Qxg7 51. Bxg7 Rg3 52. Be5 h3 53. Rf2 Re3 54. Bd4 Re1+ 55. Kh2 e5 56. Rxf5 exd4 57. cxd4 hxg2 1/2-1/2